<?xml version="1.0" encoding="UTF-8"?><?xml-stylesheet type="text/xsl" href="static/style.xsl"?><OAI-PMH xmlns="http://www.openarchives.org/OAI/2.0/" xmlns:xsi="http://www.w3.org/2001/XMLSchema-instance" xsi:schemaLocation="http://www.openarchives.org/OAI/2.0/ http://www.openarchives.org/OAI/2.0/OAI-PMH.xsd"><responseDate>2026-04-17T14:01:12Z</responseDate><request verb="GetRecord" identifier="oai:www.recercat.cat:10256/26900" metadataPrefix="marc">https://recercat.cat/oai/request</request><GetRecord><record><header><identifier>oai:recercat.cat:10256/26900</identifier><datestamp>2025-06-13T00:10:47Z</datestamp><setSpec>com_2072_452955</setSpec><setSpec>com_2072_2054</setSpec><setSpec>col_2072_453073</setSpec></header><metadata><record xmlns="http://www.loc.gov/MARC21/slim" xmlns:dcterms="http://purl.org/dc/terms/" xmlns:xsi="http://www.w3.org/2001/XMLSchema-instance" xmlns:doc="http://www.lyncode.com/xoai" xsi:schemaLocation="http://www.loc.gov/MARC21/slim http://www.loc.gov/standards/marcxml/schema/MARC21slim.xsd">
   <leader>00925njm 22002777a 4500</leader>
   <datafield ind2=" " ind1=" " tag="042">
      <subfield code="a">dc</subfield>
   </datafield>
   <datafield ind2=" " ind1=" " tag="720">
      <subfield code="a">Đorđević, Slađana</subfield>
      <subfield code="e">author</subfield>
   </datafield>
   <datafield ind2=" " ind1=" " tag="720">
      <subfield code="a">Poater i Teixidor, Jordi</subfield>
      <subfield code="e">author</subfield>
   </datafield>
   <datafield ind2=" " ind1=" " tag="720">
      <subfield code="a">Solà i Puig, Miquel</subfield>
      <subfield code="e">author</subfield>
   </datafield>
   <datafield ind2=" " ind1=" " tag="720">
      <subfield code="a">Radenković, Slavko</subfield>
      <subfield code="e">author</subfield>
   </datafield>
   <datafield ind2=" " ind1=" " tag="260">
      <subfield code="c">2025-06-14</subfield>
   </datafield>
   <datafield ind2=" " ind1=" " tag="520">
      <subfield code="a">The doubly oxidized hexaiodobenzene [C6I6]2+ is a well-known example of a double aromatic molecule, exhibiting both π- and σ-aromaticity. In this study, a series of periodo-monocyclic molecules and their doubly oxidized forms were systematically investigated to explore the origin of their double aromaticity. These molecules were employed to provide insights into how the size and aromaticity of the central carbon atom ring influence the aromaticity of the resulting doubly oxidized structures. The knowledge gained in this study was subsequently applied to model periodo-derivatives of polycyclic (anti)aromatic hydrocarbons in which oxidation can induce additional σ-electron cyclic delocalization along the macrocyclic iodine ring, thus also achieving their double aromaticity</subfield>
   </datafield>
   <datafield ind2=" " ind1=" " tag="520">
      <subfield code="a">S. R. and S. Đ. would like to dedicate this paper to students and teachers who stood against corruption and the collapse of the educational system in Serbia during the 2024–2025 academic year. S. Đ. and S. R. thank the Serbian Ministry of Science, Technological Development, and Innovation (Agreement No. 451-03-137/2025-03/200122). J. P. and M. S. thank the Spanish Ministerio de Ciencia, Innovación y Universidades (MCIN/AEI/10.13039/501100011033, projects: PID2023-147424NB-I00, PID2022-138861NB-I00, and CEX2021-001202-M) and the Generalitat de Catalunya (projects: 2021SGR442 and 2021SGR623 and ICREA Academia 2024 Prize to M. S.)</subfield>
   </datafield>
   <datafield ind1="8" ind2=" " tag="024">
      <subfield code="a">http://hdl.handle.net/10256/26900</subfield>
   </datafield>
   <datafield tag="653" ind2=" " ind1=" ">
      <subfield code="a">Aromaticitat (Química)</subfield>
   </datafield>
   <datafield tag="653" ind2=" " ind1=" ">
      <subfield code="a">Aromaticity (Chemistry)</subfield>
   </datafield>
   <datafield tag="653" ind2=" " ind1=" ">
      <subfield code="a">Orbitals moleculars</subfield>
   </datafield>
   <datafield tag="653" ind2=" " ind1=" ">
      <subfield code="a">Molecular orbitals</subfield>
   </datafield>
   <datafield ind2="0" ind1="0" tag="245">
      <subfield code="a">Oxidation-induced double aromaticity in periodo-polycyclic hydrocarbons</subfield>
   </datafield>
</record></metadata></record></GetRecord></OAI-PMH>